Statistics for Add a Letter - Make a U.S. State

Click here to take the quiz!

General Stats

  • This quiz has been taken 58,662 times
    (58,646 since last reset)
  • The average score is 14 of 18

Answer Stats

WordAnswer% Correct
HoiOOhio
97%
SeatXTexas
96%
HutAUtah
94%
MowingYWyoming
94%
NameIMaine
89%
MentorVVermont
86%
GonerOOregon
84%
SankaSKansas
83%
SansaraKArkansas
80%
FoliarDFlorida
80%
LanyardMMaryland
80%
ChimingAMichigan
69%
VanedANevada
69%
SimiousRMissouri
61%
LeewardADelaware
55%
NominateSMinnesota
53%
ReknowYNew York
52%
BankersANebraska
47%

Score Distribution

Percentile by Number Answered

Percent of People with Each Score

Your Score History

You have not taken this quiz since the last reset